000 00270 a2200133 4500
003 Nust
005 20170207170036.0
040 _cNust
082 _a050
100 _aMaj General Suhail Abbas Zaidi
245 _aQASID-2013
260 _aRawalpindi
_bMCS
_c2014
300 _a218 p
942 _cMAGS
999 _c213773
_d213773